Statistiques concernant F1 - Culture générale

Cliquez ici pour prendre le quiz!

Statistiques générales

  • Ce quiz a été pris 234 fois
  • Le résultat moyen est 12 sur 15

Statistiques - réponses

QuestionRéponse% Correct
Qui sont les 2 seuls pilotes à avoir remporté 7 titres de champion du monde ?Lewis Hamilton
99%
Quelle est l'écurie ayant remporté le plus de titres constructeurs ?Scuderia Ferrari
99%
Michael Schumacher
97%
Citez un pilote ayant au moins 4 titres de champion du monde (à part les 2 pilotes de la question 1)Alain Prost, Sebastian Vettel, Juan Manuel Fangio
94%
Quel pilote brésilien, ayant remporté 3 titres de champion du monde, est mort tragiquement lors du Grand Prix de Saint-Marin en 1994 ?Ayrton Senna
94%
Citez 1 des 7 circuits ayant accueilli la 1ère saison de F1 (le nom, pas le pays)Silverstone, Monaco, Indianapolis, Bremgarten, Spa-Francorchamps, Reims-Gueux, Monza
92%
Citez un finlandais ayant gagné au moins 1 Grand PrixKeke Rosberg, Mika Häkkinen, Kimi Räikkönen, Heikki Kovalainen, Valtteri Bottas
91%
Quel pays a accueilli de nouveau la F1 en 2024 après 5 ans d'absence ?Chine
85%
Quelle écurie, en F1 depuis 1966, a gagné 8 titres constructeurs, notamment avec Emerson Fittipaldi, James Hunt, Niki Lauda, Alain Prost, Ayrton Senna et Mika Häkkinen ?McLaren
85%
Quel est le pays ayant organisé le plus grand nombre de Grand Prix ?Italie (105)
80%
À quel nombre s'élève le record de victoires consécutives par un pilote ?10 (Max Verstappen)
75%
Qui a le record de départs en Grand Prix ?Fernando Alonso (383)
71%
Citez un circuit français ayant accueilli au moins 1 Grand Prix (autre que celui de la question 5)Magny-Cours, Paul Ricard, Rouen-les-Essards, Dijon-Prenois, Charade, Bugatti
71%
Comment surnomme-t-on le scandale de tricherie ayant eu lieu en 2008 au Grand Prix de Singapour, impliquant Renault qui aurait orchestré un accident délibéré pour favoriser la victoire de Fernando Alonso ?Crashgate
49%
Qui était le directeur sportif de cette écurie lors de ce scandale ?Flavio Briatore
32%

Distribution des résultats

Percentile par nombre de réponses

% des personnes avec chaque résultat

Votre développement - résultats

Vous n’avez pas pris ce quiz